[Event "Ceriano Laghetto op-B 19th"]
[Site "Ceriano Laghetto"]
[Date "2010.03.??"]
[Round "2"]
[White "Rossi, Giampiero"]
[Black "Clerici, Samuele"]
[Result "1-0"]
[WhiteElo "1914"]
[BlackElo "1782"]
[PlyCount "119"]
[EventDate "2010.03.??"]
[EventType "swiss"]
[EventRounds "5"]
[EventCountry "ITA"]
[SourceTitle "EXT 2024"]
[Source "ChessBase"]
[SourceDate "2023.10.10"]
[SourceVersion "1"]
[SourceVersionDate "2023.10.10"]
[SourceQuality "1"]

1. d4 d5 2. c4 e6 3. Nc3 Nf6 4. cxd5 Nxd5 5. e4 Nf6 6. Nf3 c5 7. Bb5+ Bd7 8. Bxd7+ Qxd7 9. 0-0 cxd4 10. Qxd4 Qxd4 11. Nxd4 e5 12. Ndb5 Na6 13. Be3 b6 14. Rfd1 Be7 15. Nd5 Nxd5 16. Rxd5 f6 17. Rc1 0-0 18. Nc7 Nxc7 19. Rxc7 Bd8 20. Rb7 Rf7 21. Rdd7 Rxd7 22. Rxd7 Kf8 23. a4 Be7 24. g3 Ke8 25. Rb7 Kd8 26. b3 Ke8 27. Kf1 Kf7 28. a5 bxa5 29. Bc5 Re8 30. Rxa7 Kf8 31. Bxe7+ Rxe7 32. Rxa5 Rb7 33. Ra3 Ke7 34. Ke2 Kd6 35. Kd3 Kc5 36. Kc3 Kb5 37. Ra4 Rd7 38. Rb4+ Kc5 39. Rc4+ Kb5 40. b4 Kb6 41. Rc5 Rd4 42. f3 Rd1 43. Rd5 Rc1+ 44. Kb2 Rh1 45. Rd2 Rf1 46. Rd3 Rf2+ 47. Kc3 Rxh2 48. Rd7 Rf2 49. Rxg7 Rxf3+ 50. Kc4 Re3 51. Kd5 Kb5 52. Rxh7 Kxb4 53. Rf7 Rf3 54. Ke6 Re3 55. Rxf6 Rxe4 56. Kf5 Re3 57. g4 e4 58. Re6 Rf3+ 59. Kxe4 Rf1 60. g5 1-0

[Event "Robecchetto op-B 20th"]
[Site "Robecchetto"]
[Date "2009.12.29"]
[Round "5"]
[White "Clerici, Samuele"]
[Black "Oteri, Aldo"]
[Result "1-0"]
[WhiteElo "1776"]
[BlackElo "1826"]
[PlyCount "79"]
[EventDate "2009.12.27"]
[EventType "swiss"]
[EventRounds "6"]
[EventCountry "ITA"]
[SourceTitle "EXT 2023"]
[Source "ChessBase"]
[SourceDate "2022.10.05"]
[SourceVersion "1"]
[SourceVersionDate "2022.10.05"]
[SourceQuality "1"]

1. e4 e6 2. d4 d5 3. Nd2 Be7 4. Ngf3 dxe4 5. Nxe4 Nf6 6. Nxf6+ Bxf6 7. Bf4 0-0 8. c3 b6 9. Be2 Bb7 10. 0-0 Nd7 11. Qc2 g6 12. Rad1 Bg7 13. Qc1 Nf6 14. Ne5 Nh5 15. Bxh5 gxh5 16. Qe3 f6 17. Nf3 Qd7 18. Rfe1 Rae8 19. Nd2 e5 20. dxe5 fxe5 21. Bg3 Qg4 22. Ne4 h4 23. f3 Qh5 24. Bf2 Rf4 25. Qd3 Ref8 26. Qc4+ Kh8 27. Rd7 Bxe4 28. Rxe4 Qg5 29. Be3 Rxe4 30. Qxe4 Qg6 31. Qxg6 hxg6 32. Rxc7 Ra8 33. h3 Bf6 34. b3 Kg8 35. Kf2 Bd8 36. Rb7 g5 37. c4 Kf8 38. Ke2 Be7 39. Kd3 Kf7 40. Bxg5 1-0

[Event "Corsico op-B 41st"]
[Site "Corsico"]
[Date "2009.10.02"]
[Round "1"]
[White "Clerici, Samuele"]
[Black "Bernasconi, Roberto"]
[Result "0-1"]
[WhiteElo "1776"]
[BlackElo "1928"]
[PlyCount "64"]
[EventDate "2009.10.02"]
[EventType "swiss"]
[EventRounds "5"]
[EventCountry "ITA"]
[SourceTitle "EXT 2012"]
[Source "ChessBase"]
[SourceDate "2011.11.24"]
[SourceVersion "1"]
[SourceVersionDate "2011.11.24"]
[SourceQuality "1"]

1. e4 e5 2. Nf3 Nf6 3. d3 Nc6 4. Nc3 d6 5. Be2 Be7 6. 0-0 0-0 7. h3 d5 8. exd5 Nxd5 9. Bd2 Re8 10. Re1 Be6 11. Nh2 Nd4 12. Bf1 Nxc3 13. Bxc3 Bd6 14. Nf3 Qf6 15. Be2 Bd5 16. Bxd4 exd4 17. Nh2 Re7 18. g3 Rae8 19. Qd2 b6 20. a3 c5 21. Bf1 h6 22. Bg2 Be6 23. a4 Bd7 24. a5 Bc7 25. axb6 Rxe1+ 26. Rxe1 Rxe1+ 27. Qxe1 axb6 28. b4 Kf8 29. Nf3 Bxh3 30. Nxd4 Bxg2 31. Nb5 Bb7 32. Nxc7 Qc6 0-1

[Event "Ceriano Laghetto op-B 18th"]
[Site "Ceriano Laghetto"]
[Date "2009.03.28"]
[Round "2"]
[White "Clerici, Samuele"]
[Black "Regorda, Vittorio"]
[Result "0-1"]
[WhiteElo "1773"]
[BlackElo "1848"]
[PlyCount "110"]
[EventDate "2009.03.27"]
[EventType "swiss"]
[EventRounds "5"]
[EventCountry "ITA"]
[SourceTitle "EXT 2011"]
[Source "ChessBase"]
[SourceDate "2010.11.26"]
[SourceVersion "1"]
[SourceVersionDate "2010.11.26"]
[SourceQuality "1"]

1. e4 c6 2. d4 d5 3. exd5 cxd5 4. Nf3 Nf6 5. Nc3 Bg4 6. Be2 Nc6 7. Bg5 e6 8. h3 Bh5 9. 0-0 Be7 10. Ne5 Bxe2 11. Nxe2 0-0 12. Nxc6 bxc6 13. b3 Ne4 14. Bxe7 Qxe7 15. f3 Nd6 16. Qd3 a5 17. Nc3 Qf6 18. Na4 Qf4 19. Rad1 Nf5 20. Rfe1 Qg3 21. Qe2 Nh4 22. Qf2 Qxf2+ 23. Kxf2 Ng6 24. Re3 Rab8 25. Rc3 Ne7 26. Rc5 Rb5 27. Rc3 Rc8 28. Nc5 Nf5 29. a4 Rb4 30. Rcd3 Nd6 31. g4 Re8 32. Re3 Nb7 33. Nxb7 Rxb7 34. Rc3 Rb6 35. f4 Kf8 36. Rc5 Ra6 37. Rd3 Ke7 38. Rdc3 Kd6 39. Re3 f6 40. Rcc3 Rc8 41. Rc5 Rb8 42. Rcc3 Ra7 43. Re2 Rb4 44. Rd3 Rc7 45. Kf3 Re7 46. Red2 Rf7 47. Rc3 e5 48. dxe5+ fxe5 49. f5 g6 50. Kg3 gxf5 51. gxf5 Rxf5 52. Rf3 Rbf4 53. Rxf4 Rxf4 54. Rd3 c5 55. c3 c4 0-1

[Event "Ceriano Laghetto op"]
[Site "Ceriano Laghetto"]
[Date "2009.02.10"]
[Round "2"]
[White "Fusi, Claudio"]
[Black "Clerici, Samuele"]
[Result "0-1"]
[WhiteElo "1586"]
[BlackElo "1773"]
[PlyCount "116"]
[EventDate "2009.02.03"]
[EventType "swiss"]
[EventRounds "6"]
[EventCountry "ITA"]
[SourceTitle "EXT 2011"]
[Source "ChessBase"]
[SourceDate "2010.11.26"]
[SourceVersion "1"]
[SourceVersionDate "2010.11.26"]
[SourceQuality "1"]

1. d4 d5 2. c4 c6 3. Nc3 Nf6 4. Bg5 e6 5. cxd5 cxd5 6. e3 Be7 7. Nf3 Nc6 8. Be2 0-0 9. 0-0 h6 10. Bh4 Bd7 11. h3 a6 12. Bg3 Rc8 13. Nd2 Ne8 14. a3 Nd6 15. f4 Nf5 16. Bf2 Na5 17. Bd3 Nd6 18. e4 dxe4 19. Ncxe4 Nc6 20. Nxd6 Bxd6 21. Qf3 Qf6 22. f5 exf5 23. Qd5 Qe6 24. Qxe6 fxe6 25. Nc4 Bc7 26. b4 b5 27. Nb2 Bb6 28. d5 Bxf2+ 29. Rxf2 exd5 30. Raf1 g6 31. Rf4 g5 32. Bxf5 gxf4 33. Bxd7 Rc7 34. Be6+ Kg7 35. Bxd5 Nd4 36. Rf2 Nc2 37. Nd3 Rd7 38. Be4 Nxa3 39. Nc5 Rd1+ 40. Kh2 Rf6 41. Nd3 Re6 42. Rxf4 Rxe4 43. Rxe4 Rxd3 44. Re7+ Kf6 45. Ra7 Rd6 46. Rh7 Kg6 47. Ra7 Nc2 48. Ra8 Nxb4 49. Rg8+ Kh7 50. Re8 Nd5 51. g4 b4 52. Rb8 Rb6 53. Rd8 Nf6 54. Rc8 b3 55. Rc7+ Kg6 56. Rc1 b2 57. Rb1 a5 58. Kg3 a4 0-1

[Event "Robecchetto op-B 19th"]
[Site "Robecchetto"]
[Date "2008.12.29"]
[Round "4"]
[White "Barrera, Pietro"]
[Black "Clerici, Samuele"]
[Result "1-0"]
[WhiteElo "1866"]
[BlackElo "1728"]
[PlyCount "29"]
[EventDate "2008.12.27"]
[EventType "swiss"]
[EventRounds "6"]
[EventCountry "ITA"]
[SourceTitle "EXT 2011"]
[Source "ChessBase"]
[SourceDate "2010.11.26"]
[SourceVersion "1"]
[SourceVersionDate "2010.11.26"]
[SourceQuality "1"]

1. d4 d5 2. Nf3 Nf6 3. Bf4 e6 4. e3 c5 5. c3 Nc6 6. Bd3 c4 7. Bc2 Be7 8. Nbd2 0-0 9. 0-0 b5 10. e4 b4 11. Ne5 Bb7 12. Nxc6 Bxc6 13. e5 Nd7 14. Qg4 f6 15. Qxe6+ 1-0

[Event "Turbigo op"]
[Site "Turbigo"]
[Date "2008.05.10"]
[Round "3"]
[White "Barrera, Pietro"]
[Black "Clerici, Samuele"]
[Result "1-0"]
[WhiteElo "1875"]
[BlackElo "1527"]
[PlyCount "45"]
[EventDate "2008.05.08"]
[EventType "swiss"]
[EventRounds "5"]
[EventCountry "ITA"]
[SourceTitle "EXT 2011"]
[Source "ChessBase"]
[SourceDate "2010.11.26"]
[SourceVersion "1"]
[SourceVersionDate "2010.11.26"]
[SourceQuality "1"]

1. d4 d5 2. Nf3 Nf6 3. Bg5 e6 4. e3 c5 5. c3 Nc6 6. Nbd2 cxd4 7. exd4 Be7 8. Bd3 0-0 9. Qc2 h6 10. Bf4 Bd6 11. Bg3 Rb8 12. Ne5 Qc7 13. Ndf3 Nd7 14. Qe2 Re8 15. 0-0 f6 16. Ng6 Nf8 17. Nfh4 Ne7 18. Qh5 Nexg6 19. Nxg6 Nxg6 20. Qxg6 Rf8 21. Qh7+ Kf7 22. Bg6+ Ke7 23. Qxg7+ 1-0

[Event "Turbigo op"]
[Site "Turbigo"]
[Date "2008.05.09"]
[Round "2"]
[White "Clerici, Samuele"]
[Black "Cervini, Gian Piero"]
[Result "1-0"]
[WhiteElo "1527"]
[BlackElo "1771"]
[PlyCount "69"]
[EventDate "2008.05.08"]
[EventType "swiss"]
[EventRounds "5"]
[EventCountry "ITA"]
[SourceTitle "EXT 2011"]
[Source "ChessBase"]
[SourceDate "2010.11.26"]
[SourceVersion "1"]
[SourceVersionDate "2010.11.26"]
[SourceQuality "1"]

1. e4 d6 2. d4 Nf6 3. Nc3 g6 4. f4 Bg7 5. Nf3 0-0 6. Be2 c5 7. d5 a6 8. a4 Qa5 9. Bd2 Qb4 10. Bd3 Bg4 11. Nb5 Qxb2 12. Bc3 Qxa1 13. Bxa1 axb5 14. axb5 c4 15. Bxc4 Rxa1 16. Qxa1 Nxe4 17. Qa7 Bc3+ 18. Ke2 Rc8 19. Bd3 Nc5 20. h3 Bd7 21. Rb1 e5 22. dxe6 Bxe6 23. Kf1 Nbd7 24. Rd1 Nf6 25. Nd2 Nd5 26. Nc4 Rd8 27. f5 Bd7 28. fxg6 hxg6 29. Be2 Be6 30. Bf3 Nc7 31. Nxd6 Nxb5 32. Qxc5 Bd4 33. Rxd4 Nxd6 34. Rxd6 Rc8 35. Qxc8+ 1-0

[Event "Ceriano Laghetto Autunno op"]
[Site "Ceriano Laghetto"]
[Date "2006.12.05"]
[Round "5"]
[White "Clerici, Samuele"]
[Black "Tomasetto, Mauro"]
[Result "0-1"]
[WhiteElo "1431"]
[BlackElo "1641"]
[PlyCount "60"]
[EventDate "2006.11.07"]
[EventType "swiss"]
[EventRounds "6"]
[EventCountry "ITA"]
[SourceTitle "EXT 2011"]
[Source "ChessBase"]
[SourceDate "2010.11.26"]
[SourceVersion "1"]
[SourceVersionDate "2010.11.26"]
[SourceQuality "1"]

1. e4 e6 2. d4 d5 3. Nc3 Nc6 4. e5 Nge7 5. Nf3 Nf5 6. Bg5 Qd7 7. g4 Nfe7 8. h4 b6 9. h5 Bb7 10. h6 0-0-0 11. hxg7 Bxg7 12. Qd2 Rdf8 13. Bf6 Rfg8 14. Ng5 Bxf6 15. exf6 Ng6 16. Bb5 a6 17. Bxc6 Bxc6 18. Nxh7 e5 19. f3 e4 20. 0-0-0 exf3 21. Ng5 Rxh1 22. Rxh1 Qxg4 23. Nxf7 Qg2 24. Rh2 Qg1+ 25. Nd1 Rf8 26. Ne5 Rxf6 27. Nxg6 Rxg6 28. Qf2 Bb5 29. Qxg1 Rxg1 30. Rf2 Be2 0-1